000 01149nam a2200253 i 4500
001 171132
003 ES-MaACL
005 20230906214540.0
008 090429s19311953fr |||| | fre d
080 _a929
100 0 _aCabanès, Augustin.
_933136
245 1 0 _aGrands névropathes
_b: ouvrage illustré de [...] gravures /
_cDocteur Cabanès.
260 _aParis :
_bAlbin Michel,
_c1931-53.
300 _a2 v. :
_bgrab., retr. ;
_c18 cm.
490 1 _aOuvrages de pathologie littéraire
505 8 _aContiene: T. I. Baudelaire ; Byron ; Chateaubriand ; Molière ; Pascal ; Shelley ; Wagner. T. II. La Fontaine ; Rousseau ; Rétif de la Bretonne ; Bernardin de Saint-Pierre ; Lamennais ; Auguste Comte ; Alfred de Musset ; Victor Hugo ; Sainte-Beuve ; Les frères de Goncourt.
594 _aSubt. del t. I: Malades immortels.
596 _aT.I imp. en 1953.
650 4 _aEscritores-
_vBiografías.
_9136034
650 4 _aCelebridades-
_xBiografías.
_9143758
830 0 _aOuvrages de pathologie littéraire
_9223154
852 4 _aES-MaACL
_jE-12610-11
_9R.140240
_z. - Biblioteca Jacinto Martínez Lacalle
999 _c171132
_d171132